ARRUPE JESUIT UNIVERSITY

CORONAVIRUS -STOP THE SPREAD - CLEAN,DISINFECT,COVER

Newton and the culture of Newtonianism (Record no. 122463)

MARC details
000 -LEADER
fixed length control field 00695nam a22001937a 4500
008 - FIXED-LENGTH DATA ELEMENTS--GENERAL INFORMATION
fixed length control field 150318b xxu||||| |||| 00| 0 eng d
020 ## - INTERNATIONAL STANDARD BOOK NUMBER
International Standard Book Number 9781573925457
050 ## - LIBRARY OF CONGRESS CALL NUMBER
Classification number QC16.N7D66 1998
100 ## - MAIN ENTRY--PERSONAL NAME
Personal name Dobbs B.J.T
9 (RLIN) 16416
245 ## - TITLE STATEMENT
Title Newton and the culture of Newtonianism
Statement of responsibility, etc /by Betty Jo Teeter Dobbs and Margaret C. Jacob
260 ## - PUBLICATION, DISTRIBUTION, ETC. (IMPRINT)
Place of publication, distribution, etc New York
Name of publisher, distributor, etc Humanity books
Date of publication, distribution, etc 1995
300 ## - PHYSICAL DESCRIPTION
Extent ix, 139p. ;
Dimensions 23cm.
440 ## - SERIES STATEMENT/ADDED ENTRY--TITLE
Title The Control of Nature
9 (RLIN) 16891
650 ## - SUBJECT ADDED ENTRY--TOPICAL TERM
Topical term or geographic name as entry element Newton, Isaac, Sir, 1642-1727
9 (RLIN) 16414
650 ## - SUBJECT ADDED ENTRY--TOPICAL TERM
Topical term or geographic name as entry element Science
General subdivision History
Chronological subdivision 17th century
Geographic subdivision England
9 (RLIN) 16417
650 ## - SUBJECT ADDED ENTRY--TOPICAL TERM
Topical term or geographic name as entry element Physics
General subdivision History
Chronological subdivision 18th century
Geographic subdivision England
9 (RLIN) 16418
700 ## - ADDED ENTRY--PERSONAL NAME
Personal name Jacob, Margaret C.
9 (RLIN) 16419
942 ## - ADDED ENTRY ELEMENTS (KOHA)
Source of classification or shelving scheme Library of Congress Classification
Item type Monograph ( Printed materials)
Holdings
Withdrawn status Lost status Source of classification or shelving scheme Damaged status Not for loan Collection code Home library Current library Shelving location Date acquired Total Checkouts Full call number Barcode Date last seen Price effective from Koha item type
    Library of Congress Classification     Main Collection ARRUPE LIBRARY ARRUPE LIBRARY Main Collection 18/03/2015   QC16.N7D66 1998 46500000452 02/07/2019 18/03/2015 Monograph ( Printed materials)

 

Arrupe Library. PO Box MP320 Mt Pleasant, Harare, Zimbabwe
263 242 745411|librarian@aju.ac.zw